000 02405cam a2200241 4500500
005 20260322004716.0
041 _afre
042 _adc
100 1 0 _aThierry, Marie-Lise
_eauthor
700 1 0 _aFathallah, Nadia
_eauthor
700 1 0 _aBenfredj, Paul
_eauthor
700 1 0 _aSpindler, Lucas
_eauthor
700 1 0 _aAbbes, Leila
_eauthor
700 1 0 _aRentien, Anne-Laure
_eauthor
700 1 0 _aPommaret, Élise
_eauthor
700 1 0 _ade Parades, Vincent
_eauthor
245 0 0 _aFecal incontinence and inflammatory bowel diseases
260 _c2022.
500 _a18
520 _aThe prevalence of fecal incontinence is high in patients with inflammatory bowel disease (IBD) (between 20 and 73% depending on the study). Diarrhea, lack of colorectal reservoir, rectal compliance disorder, or sphincter rupture can cause fecal incontinence in IBD. Specific risk factors of fecal incontinence in IBD are: activity and duration of the disease, stenosing phenotype, a history of luminal surgery for IBD, pouchitis, perianal Crohn’s disease or anal stenosis, and a history of proctologic surgery. Fecal incontinence and perianal Crohn’s disease affect a patient’s quality of life: it is more difficult to access paid employment and periods of work stoppage are more frequent. Active perianal Crohn’s disease increases thirteenfold the risk of sexual dysfunction in women. Treatment of fecal incontinence is based on controlling luminal inflammation and symptomatic treatment of transit disorders. Second-line treatments for fecal incontinence such as colonic irrigations or sacral nerve stimulation are reserved for IBD patients in endoscopic remission and after failure of symptomatic treatment and anorectal rehabilitation. To prevent fecal incontinence in IBD, it is necessary to screen for perianal Crohn’s disease and to treat it early, to control rectal inflammation, to treat anoperineal fistulas with surgical drainage in combination with medical treatment, and to prefer sphincter- saving/sparing techniques to fistulotomy. The permanent stoma remains the last-resort treatment for refractory fecal incontinence to improve the patient’s quality of life.
786 0 _nHépato-Gastro & Oncologie Digestive | 29 | 1 | 2022-01-01 | p. 56-66 | 2115-3310
856 4 1 _uhttps://stm.cairn.info/journal-hepato-gastro-oncologie-digestive-2022-1-page-56?lang=en&redirect-ssocas=7080
999 _c1742383
_d1742383